Statistics for Counting to 10 in Mandarin

Click here to take the quiz!

General Stats

  • This quiz has been taken 319 times
  • The average score is 9 of 10

Answer Stats

NumberPinYin% Correct
3San
94%
1Yi
94%
2Er
90%
4Si
90%
8Ba
89%
10Shi
89%
5Wu
89%
7Qi
87%
6Liu
83%
9Jiu
80%

Score Distribution

Percentile by Number Answered

Percent of People with Each Score

Your Score History

You have not taken this quiz